[Geometry Dash] GD Players by Picture - Statistics

General Stats
  • This quiz has been taken 49 times
  • The average score is 11 of 16
Answer Stats
Picture Answer % Correct
Zoink
100%
EricVanWilderman
95%
Nexus [GD]
95%
RobTop
95%
GD Colon
91%
Riot
84%
Viprin
77%
SdSlayer
75%
SpaceUK
73%
Jonathan [GD]
61%
KrmaL
61%
Voxicat
61%
AeonAir
59%
Zobros
52%
Split72
20%
fJud
11%
No matching quizzes found
Score Distribution
Percent of People with Each Score
Percentile by Number Answered
Your Score History
You have not taken this quiz